| 000 | 01291aam a2200349 i 4500 | ||
|---|---|---|---|
| 999 |
_c46051 _d46051 |
||
| 001 | 768714001 | ||
| 003 | CO-MdFUSB | ||
| 005 | 20201113152022.0 | ||
| 007 | ta | ||
| 008 | 200517t1990 enk |||| |||| 00| 0 eng d | ||
| 020 | _a0567095290 | ||
| 040 |
_bspa. _aCO-MdFUSB _cCO-MdFUSB _dCO-MdFUSBC _erda |
||
| 041 | _aeng | ||
| 082 |
_223 _a226.306 _bR595 |
||
| 100 | 1 |
_aRäisänen, Heikki _eautor |
|
| 245 | 1 | 4 |
_aThe 'messianic secret' in Mark. _c/ Heikki Räisänen ; traducido por Christopher Tuckett |
| 264 | 1 |
_aEdinburgh, Scotland : _bT y T CLARK, _c[1990] |
|
| 264 | 4 | _c© 1990 | |
| 300 |
_axvii, 289 páginas _c; 23 cm |
||
| 336 |
_atexto _btxt _2rdacontent |
||
| 337 |
_2rdamedia _asin mediación _bn |
||
| 338 |
_2rdacarrier _avolumen _bnc |
||
| 490 | _aStudies of the New Testament and its World | ||
| 505 | _aAspectos metodológicos en el estudio del evangelio de Marcos - El problema del secreto mesiánico y sus soluciones más importantes - La teoría de la parábola - Los otros temas - Hacia una interpretación del secreto | ||
| 563 | _aRústico | ||
| 600 | 0 | 7 |
_aJesucristo _xDivinidad |
| 630 | 7 |
_aBiblia. _pMarcos _xCrítica, interpretación, etc. |
|
| 700 |
_93755 _aTuckett, Christopher M _etraductor |
||
| 942 | _cBK | ||
| 945 | _aJTF-925 | ||